000 00634nam a2200205 4500
005 20260514150256.0
008 260514b |||||||| |||| 00| 0 eng d
040 _cAL
041 _akan
082 _aK894.1
_bCHEP
100 _aChethana Someshwar
_9263965
100 _dಚೇತನ ಸೋಮೇಶ್ವರ
_9263963
245 _aPutta devara hadu
_b: ಪುಟ್ಟ ದೇವರ ಹಾಡು
260 _aMangaluru
_bPrakrati Prakashana
_c2010
300 _aviii,72p
_bPB
_c23x12cm
365 _2Kannada
_c
_d₹40.00
_f04-03-2026
520 _aKavanagala sangraha
650 _aKannda Poetry
_9263964
942 _2ddc
_cDB
999 _c241433
_d241433